Names of countries in French - difficult - Statistics

General Stats
  • This quiz has been taken 501 times
  • The average score is 17 of 20
Answer Stats
Hint Answer % Correct
Autriche Austria
98%
Allemagne Germany
96%
Afrique du Sud South Africa
94%
États-Unis United States
93%
Cambodge Cambodia
92%
Dominique Dominica
92%
Côte d’Ivoire Ivory Coast
92%
Islande Iceland
91%
Barbade Barbados
90%
Chypre Cyprus
89%
Timor oriental East Timor
87%
Papouasie-Nouvelle-Guinée Papua New Guinea
85%
Royaume-Uni United Kingdom
85%
Pays-Bas Netherlands
74%
Saint-Christophe-et-Niévès Saint Kitts and Nevis
74%
Saint-Marin San Marino
73%
Kirghizistan Kyrgyzstan
72%
Île Maurice Mauritius
71%
Lettonie Latvia
68%
Birmanie Myanmar
62%
No matching quizzes found
Score Distribution
Percent of People with Each Score
Percentile by Number Answered
Your Score History
You have not taken this quiz